A pedagógia vonzásában

Elmentve itt :
Bibliográfiai részletek
Szerző: Tandi Lajos
Dokumentumtípus: Cikk
Megjelent: 1982-06-19
Sorozat:Délmagyarország 72 No. 142
Kulcsszavak:Ágoston György
Online Access:http://dmarchiv.bibl.u-szeged.hu/90896
LEADER 00441nab a2200157 i 4500
001 delm90896
005 20190624122528.0
008 190624s1982 hu o 0|| hun d
040 |a SZTE Délmagyarország Archívum  |b hun 
041 |a hun 
100 1 |a Tandi Lajos 
245 1 2 |a A pedagógia vonzásában  |h [elektronikus dokumentum] /  |c  Tandi Lajos 
260 |c 1982-06-19 
300 |a 7 
490 0 |a Délmagyarország  |v 72 No. 142 
695 |a Ágoston György